Представление документа в формате RUSMARC

ПолеНазваниеЗначение
  Тип записи a
  Библиографический уровень a
001 Контрольный номер RU/CBS_Ul/BASE/501698327
005 Дата корректировки 20240209175153.2
100 Данные общей обработки __
a Данные общей обработки 20151124d2015 ||| 0rusy0189 ca
101 Язык документа 0_
a Язык текста rus
102 Страна публикации __
a Страна публикации RU
105 Кодированные данные (монография) __
a Кодированные данные (монография) y###||||000|y
200 Заглавие и сведения об ответственности 1_
a Заглавие Нальчик - маленькая подкова
b Общее обозначение материала Текст
e Сведения, относящиеся к заглавию [о Кабардино - Балкарской Республике и ее столице Нальчике]
f Первые сведения об ответственности Л. Стасенко
300 Общие примечания __
a Общие примечания Ограничения по возрасту -12+
461 Уровень набора _0
1 2000
a Лазурь
463 Уровень физической единицы _0
1 001RU/CBS_Ul/BASE/500476256
1 2000
a № 11
v С. 10 - 13 : фото
1 210
d 2015
606 Тематические рубрики 0_
a Основная рубрика Кабардино-Балкария - История
y Географическая подрубрика Нальчик, город (Кабардино-Балкария)
606 Тематические рубрики 0_
y Географическая подрубрика Эльбрус, горный массив (Кавказ)
y Географическая подрубрика Кавказ
y Географическая подрубрика Кабардино-Балкария
610 Ключевые слова 0_
a Ключевые слова княжеский род Атажукиных
a Ключевые слова Атажукинский сад (парки)
a Ключевые слова целебные источники Нальчика
a Ключевые слова княжеские рода
a Ключевые слова Тырныаузкий горно-обогатительный комбинат
686 Индексы других классификаций __
a Классификационный индекс 26.89(2Рос.Каб)
2 Код системы ББК
700 Автор _1
a Фамилия Стасенко
b Имя (инициалы) Л.
801 Источник записи _0
a Страна RU
b Организация МБУК ЦБС г. Ульяновска
c Дата составления 20151124
g Правила каталогизации RCR
801 Источник записи _1
a Страна RU
b Организация МБУК ЦБС г. Ульяновска
c Дата составления 20151124
g Правила каталогизации RCR
901 Тип документа __
t Тип документа b
w Контрольный № источника RU/CBS_Ul/BASE/500476256
910 Корректоры записи __
a Корректор записи Асеева
938 Служебная информация __
a Имя БД period